[Event "DSOL 2021"]
[Site "Germany"]
[Date "2021.03.26"]
[Round "7.4"]
[White "Wilhelm, Rostislav-Paul"]
[Black "Neumann, Oskar"]
[Result "1-0"]
[WhiteElo "1881"]
[BlackElo "1691"]
[Annotator "NA"]
[PlyCount "55"]
[EventDate "2021.01.18"]
[EventType "team-tourn"]
[EventCountry "GER"]
[SourceTitle "playchess.com"]
[Source "ChessBase"]
[SourceQuality "1"]
[WhiteTeam "Aachener SV"]
[BlackTeam "SK Johanneum Eppendorf III"]

1. e4 c5 2. Nf3 e6 3. d4 cxd4 4. Nxd4 a6 5. Nc3 Qc7 6. f3 Nf6 7. Be3 Bb4 8. Qd2 d5 9. Bd3 e5 10. Nb3 d4 11. Nxd4 exd4 12. Bxd4 Nbd7 13. Qg5 O-O 14. O-O-O Bc5 15. Nd5 h6 16. Bxf6 hxg5 17. Nxc7 gxf6 18. Nxa8 Bd6 19. a4 b6 20. Kb1 Be5 21. Bc4 Rd8 22. Bd5 Kf8 23. Bc6 Ke7 24. Bxd7 Rxd7 25. Rxd7+ Bxd7 26. Nxb6 Bc7 27. Nxd7 Kxd7 28. h4 1-0

[Event "DSOL 2021"]
[Site "Germany"]
[Date "2021.03.26"]
[Round "7.4"]
[White "Johanssen, Torsten"]
[Black "Xande25"]
[Result "1-0"]
[WhiteElo "1877"]
[BlackElo "1649"]
[Annotator "NA"]
[PlyCount "127"]
[EventDate "2021.01.18"]
[EventType "team-tourn"]
[EventCountry "GER"]
[SourceTitle "playchess.com"]
[Source "ChessBase"]
[SourceQuality "1"]
[WhiteTeam "SC Diogenes"]
[BlackTeam "SF Gern I"]

1. c4 Nf6 2. Nc3 d5 3. cxd5 Nxd5 4. Nf3 g6 5. e4 Nb6 6. d4 Bg7 7. Be3 O-O 8. Be2 Bg4 9. O-O Bxf3 10. gxf3 Nc6 11. d5 Ne5 12. Qb3 c6 13. Rad1 cxd5 14. Nxd5 Nxd5 15. Rxd5 Qc8 16. Bf4 Qe6 17. Rfd1 b6 18. Ba6 h6 19. Qe3 g5 20. Bg3 Ng6 21. b3 Kh7 22. Bc4 Qh3 23. Bf1 Qe6 24. Bc4 Qh3 25. Bf1 Qe6 26. Bg2 Rac8 27. Bf1 Rc2 28. R1d2 Rfc8 29. Bc4 Rc1+ 30. Rd1 Rxd1+ 31. Rxd1 Qh3 32. Bxf7 Nh4 33. Bxh4 gxh4 34. e5 Qf5 35. Qe4 Qxe4 36. fxe4 Bxe5 37. Be6 Rc2 38. a4 Re2 39. Bf5+ Kg7 40. Kf1 Rb2 41. Be6 Kf6 42. Bc4 Bxh2 43. Kg2 Bd6 44. Kh3 Rxf2 45. Kxh4 Rh2+ 46. Kg4 h5+ 47. Kf3 Ke5 48. Rd5+ Kf6 49. Rf5+ Kg6 50. Bf7+ Kg7 51. Bxh5 Rh3+ 52. Kg4 Rxb3 53. Be8 Rb4 54. Rf7+ Kg8 55. Kf5 Rb2 56. e5 Rf2+ 57. Ke6 Rxf7 58. Bxf7+ Kf8 59. exd6 exd6 60. Bh5 a6 61. Kxd6 b5 62. a5 b4 63. Bd1 Ke8 64. Kc6 1-0

[Event "DSOL 2021"]
[Site "Germany"]
[Date "2021.03.26"]
[Round "7.4"]
[White "Rudolph, Eva"]
[Black "Fischer, Juliane"]
[Result "1/2-1/2"]
[WhiteElo "1860"]
[BlackElo "1495"]
[Annotator "NA"]
[PlyCount "132"]
[EventDate "2021.01.18"]
[EventType "team-tourn"]
[EventCountry "GER"]
[SourceTitle "playchess.com"]
[Source "ChessBase"]
[SourceQuality "1"]
[WhiteTeam "Düsseldorfer SK I"]
[BlackTeam "SK Gernsheim"]

1. e4 c5 2. Nf3 g6 3. d4 cxd4 4. Nxd4 Bg7 5. Nc3 Nc6 6. Be3 Nf6 7. Bc4 O-O 8. Bb3 a6 9. O-O Qc7 10. a4 d6 11. h3 Bd7 12. Qd2 Nxd4 13. Bxd4 Bc6 14. Rfe1 Rac8 15. a5 Nd7 16. Nd5 Bxd5 17. Bxd5 Qxc2 18. Qe3 Qc7 19. Bxg7 Kxg7 20. Rec1 Qb8 21. b4 Nf6 22. Qd4 Kg8 23. Bb3 Rc7 24. Rc4 Rfc8 25. Rac1 Rxc4 26. Rxc4 Rxc4 27. Qxc4 Qe8 28. Qc7 Qd7 29. Qxd7 Nxd7 30. Bd5 b5 31. axb6 Nxb6 32. Bb7 Kg7 33. Bxa6 Kf6 34. f3 Ke5 35. Kf2 Kf4 36. Bb7 e6 37. g3+ Ke5 38. Ke3 d5 39. f4+ Kd6 40. Kd4 dxe4 41. Kxe4 f6 42. Ba6 e5 43. Bd3 exf4 44. Kxf4 Nd5+ 45. Ke4 Nxb4 46. Bc4 f5+ 47. Kf4 Ke7 48. Bg8 h6 49. Ke3 Kf6 50. Kd4 Nc6+ 51. Ke3 Ne5 52. Bd5 g5 53. Bb7 Ng6 54. Ba8 f4+ 55. Kf3 Ke5 56. Be4 Ne7 57. gxf4+ gxf4 58. Bc2 Nf5 59. Bb1 Nd4+ 60. Kf2 Kf6 61. Bd3 Kg5 62. Kg2 Kh4 63. Be4 Ne6 64. Bf5 Ng5 65. Bc8 Ne4 66. Bf5 Nf6 1/2-1/2

[Event "DSOL 2021"]
[Site "Germany"]
[Date "2021.03.25"]
[Round "7.4"]
[White "Sesterhenn, Jöerg"]
[Black "Pauli, Walter"]
[Result "1-0"]
[WhiteElo "1835"]
[BlackElo "1777"]
[Annotator "NA RC"]
[PlyCount "39"]
[EventDate "2021.01.18"]
[EventType "team-tourn"]
[EventCountry "GER"]
[SourceTitle "playchess.com"]
[Source "ChessBase"]
[SourceQuality "1"]

1. e4 e6 2. d3 d5 3. Nd2 Nf6 4. g3 Bc5 5. e5 Nfd7 6. c3 d4 7. Nb3 dxc3 8. bxc3 Bb6 9. d4 c5 10. Qg4 Kf8 11. Bg2 cxd4 12. cxd4 Nc6 13. Nf3 Nb4 14. Ba3 Ba5 15. O-O Kg8 16. Ng5 Nf8 17. Nxa5 Qxa5 18. Qf3 f5 19. exf6 Qxg5 20. f7# 1-0

[Event "DSOL 2021"]
[Site "Germany"]
[Date "2021.03.25"]
[Round "7.4"]
[White "Koehler, Robin"]
[Black "Weder, Axel"]
[Result "1-0"]
[WhiteElo "1832"]
[BlackElo "2040"]
[Annotator "TA"]
[PlyCount "73"]
[EventDate "2021.01.18"]
[EventType "team-tourn"]
[EventCountry "GER"]
[SourceTitle "playchess.com"]
[Source "ChessBase"]
[SourceQuality "1"]

1. Nf3 c5 2. c4 Nc6 3. Nc3 g6 4. e3 Bg7 5. d4 b6 6. Be2 d6 7. O-O Bd7 8. d5 Ne5 9. Ne1 Nf6 10. f4 Neg4 11. h3 h5 12. hxg4 hxg4 13. g3 Rh3 14. Kf2 Bf5 15. Bd3 e5 16. Bxf5 gxf5 17. Qa4+ Ke7 18. Ng2 Nh5 19. Ne2 Kf8 20. Bd2 exf4 21. Ngxf4 Rh2+ 22. Ke1 Nxf4 23. Nxf4 Bxb2 24. Rb1 Qf6 25. Qc2 Be5 26. Qd3 Re8 27. Kd1 Bxf4 28. Rxf4 Rg2 29. Qxf5 Qxf5 30. Rxf5 Rxg3 31. Ke2 Rg2+ 32. Kd3 g3 33. Rbf1 Re7 34. Rg5 Re5 35. Rg4 Ke7 36. Bc3 Rxa2 37. Bxe5 1-0

[Event "DSOL 2021"]
[Site "Germany"]
[Date "2021.03.25"]
[Round "7.4"]
[White "Kanzler, Eduard"]
[Black "Ferch, Andreas"]
[Result "1-0"]
[WhiteElo "1829"]
[BlackElo "1678"]
[Annotator "NA RC"]
[PlyCount "141"]
[EventDate "2021.01.18"]
[EventType "team-tourn"]
[EventCountry "GER"]
[SourceTitle "playchess.com"]
[Source "ChessBase"]
[SourceQuality "1"]

1. e4 Nf6 2. Nc3 d5 3. e5 Nfd7 4. d4 c5 5. dxc5 e6 6. Nf3 Bxc5 7. Bd3 Nc6 8. Qe2 Nd4 9. Nxd4 Bxd4 10. f4 Bxc3+ 11. bxc3 Qc7 12. Bd2 Nb6 13. Qg4 g6 14. O-O Nc4 15. Bc1 Qc5+ 16. Kh1 Ne3 17. Bxe3 Qxe3 18. Rab1 b6 19. Bb5+ Bd7 20. Bxd7+ Kxd7 21. c4 dxc4 22. Rbd1+ Kc7 23. Qg5 Kb7 24. Qe7+ Ka6 25. Rf3 Qc5 26. Ra3+ Kb5 27. Qd7+ Qc6 28. Rb1+ Kc5 29. Qe7+ Kd4 30. Rd1+ Ke4 31. Qh4 Qc5 32. Qe1+ Kf5 33. Rg3 h6 34. Qe2 h5 35. Rg5+ Kxf4 36. Qd2+ Qe3 37. g3+ Ke4 38. Re1 Qxe1+ 39. Qxe1+ Kd5 40. Qd1+ Kc5 41. Qd6+ Kb5 42. Qd7+ Ka5 43. Qxf7 Rhf8 44. Qxe6 Rf1+ 45. Kg2 Raf8 46. Qd5+ Kb4 47. Qd6+ Kc3 48. Qa3+ Kxc2 49. Qe3 Rd1 50. Qe4+ Kc3 51. Rxg6 Rd2+ 52. Kh3 Rff2 53. Qe3+ Kb2 54. Kh4 Rxh2+ 55. Kg5 c3 56. Rc6 c2 57. Qb3+ Ka1 58. Qc3+ Kxa2 59. Qc4+ Kb2 60. Qb4+ Kc1 61. Qa3+ Kd1 62. Rc4 Ke1 63. Qc1+ Ke2 64. Rxc2 Kd3 65. Rxd2+ Rxd2 66. e6 Re2 67. Qa3+ Kd4 68. Qd6+ Kc4 69. e7 a5 70. Qc6+ Kb4 71. e8=Q 1-0

[Event "DSOL 2021"]
[Site "Germany"]
[Date "2021.03.23"]
[Round "7.4"]
[White "Heckmann, Torsten"]
[Black "Luenzmann, Martin"]
[Result "1-0"]
[WhiteElo "1822"]
[BlackElo "1750"]
[Annotator "NA RC"]
[PlyCount "63"]
[EventDate "2021.01.18"]
[EventType "team-tourn"]
[EventCountry "GER"]
[SourceTitle "playchess.com"]
[Source "ChessBase"]
[SourceQuality "1"]

1. e4 e6 2. d4 d5 3. exd5 exd5 4. Bd3 Nc6 5. c3 Bd6 6. Nf3 Nge7 7. O-O Bg4 8. h3 Bh5 9. Nbd2 Qd7 10. Re1 O-O-O 11. b4 f6 12. Qa4 Kb8 13. b5 Rde8 14. bxc6 Nxc6 15. Ba3 Bf4 16. Bb5 g5 17. Rab1 Kc8 18. Bxc6 Qxc6 19. Qxc6 bxc6 20. Bc5 a6 21. g3 Bxd2 22. Nxd2 Bg6 23. Rbc1 h5 24. Be7 g4 25. h4 f5 26. Bf6 Rhf8 27. Be5 Kd7 28. Nb3 Ra8 29. Nc5+ Kc8 30. Bf4 Rb8 31. Re7 Rd8 32. Rxc7# 1-0

[Event "DSOL 2021"]
[Site "Germany"]
[Date "2021.03.23"]
[Round "7.4"]
[White "Guetschow, Christian"]
[Black "Penguins"]
[Result "1-0"]
[WhiteElo "1785"]
[BlackElo "1594"]
[Annotator "NA RC"]
[PlyCount "33"]
[EventDate "2021.01.18"]
[EventType "team-tourn"]
[EventCountry "GER"]
[SourceTitle "playchess.com"]
[Source "ChessBase"]
[SourceQuality "1"]

1. d4 Nf6 2. Bf4 d5 3. Nc3 c5 4. e3 cxd4 5. Nb5 Qa5+ 6. c3 Na6 7. exd4 e6 8. Nf3 Bd7 9. a4 Be7 10. Bd3 Qd8 11. Nd6+ Kf8 12. Nxb7 Qb6 13. Bxa6 Qxa6 14. Nc5 Bxc5 15. dxc5 Rc8 16. b4 Ke7 17. Bd6+ 1-0

[Event "DSOL 2021"]
[Site "Germany"]
[Date "2021.03.25"]
[Round "7.4"]
[White "Ehrig, Leon Chris"]
[Black "Brakemann, Werner"]
[Result "1-0"]
[WhiteElo "1777"]
[BlackElo "1672"]
[Annotator "NA RC"]
[PlyCount "61"]
[EventDate "2021.01.18"]
[EventType "team-tourn"]
[EventCountry "GER"]
[SourceTitle "playchess.com"]
[Source "ChessBase"]
[SourceQuality "1"]

1. e4 c6 2. Nc3 d5 3. Qe2 d4 4. Nd1 e5 5. d3 Nf6 6. g3 Bg4 7. Qd2 c5 8. Bg2 Nc6 9. f4 Bd7 10. Nf2 Bd6 11. f5 Rc8 12. a3 b5 13. Nf3 h6 14. O-O c4 15. g4 c3 16. bxc3 dxc3 17. Qe2 Qe7 18. g5 hxg5 19. Bxg5 Qf8 20. d4 a6 21. Nd3 Qe7 22. Rae1 Kf8 23. dxe5 Nxe5 24. Nfxe5 Bxe5 25. Nxe5 Qxe5 26. Bf4 Qc5+ 27. Kh1 Nh5 28. Rd1 Bc6 29. f6 g5 30. Qg4 Re8 31. Bd6+ 1-0

[Event "DSOL 2021"]
[Site "Germany"]
[Date "2021.03.22"]
[Round "7.4"]
[White "Theissen, Frank"]
[Black "Janknecht, Eckart"]
[Result "1/2-1/2"]
[WhiteElo "1775"]
[BlackElo "1715"]
[Annotator "NA RC"]
[PlyCount "49"]
[EventDate "2021.01.18"]
[EventType "team-tourn"]
[EventCountry "GER"]
[SourceTitle "playchess.com"]
[Source "ChessBase"]
[SourceQuality "1"]

1. e4 e5 2. Nf3 Nc6 3. Bc4 Nf6 4. d3 Bc5 5. c3 d6 6. Nbd2 O-O 7. O-O Bg4 8. Re1 Qd7 9. a4 a5 10. Nf1 Bh5 11. Be3 Bxe3 12. Nxe3 Rad8 13. Nf5 Ne7 14. Ng3 Bg4 15. d4 exd4 16. cxd4 d5 17. Bb5 c6 18. e5 Ne4 19. Bd3 Nxg3 20. hxg3 g6 21. Qd2 Bxf3 22. gxf3 b6 23. Kg2 Kg7 24. Rh1 Ng8 25. Rae1 1/2-1/2

[Event "DSOL 2021"]
[Site "Germany"]
[Date "2021.03.26"]
[Round "7.4"]
[White "Mundt, Alexandra"]
[Black "Steinbach, Wolfgang"]
[Result "1-0"]
[WhiteElo "1768"]
[BlackElo "1748"]
[Annotator "NA"]
[PlyCount "101"]
[EventDate "2021.01.18"]
[EventType "team-tourn"]
[EventCountry "GER"]
[SourceTitle "playchess.com"]
[Source "ChessBase"]
[SourceQuality "1"]
[WhiteTeam "Lübecker SV"]
[BlackTeam "SG Solingen I"]

1. e4 c5 2. Nf3 a6 3. d4 cxd4 4. Nxd4 Nf6 5. Nc3 e5 6. Nf3 Bb4 7. Bd3 d5 8. exd5 e4 9. Qe2 Qe7 10. d6 Qxd6 11. Bxe4 O-O 12. Bg5 Bxc3+ 13. bxc3 Nxe4 14. Qxe4 Nc6 15. O-O Be6 16. Bf4 Qd5 17. Qe3 Rfd8 18. h3 Qf5 19. Ng5 Re8 20. Qe4 h6 21. g4 Qxe4 22. Nxe4 f5 23. Nd6 Rf8 24. Rfe1 Bd7 25. g5 hxg5 26. Bxg5 f4 27. Kh2 b5 28. c4 Nd4 29. Re7 Nf3+ 30. Kg2 Bc6 31. Rc7 Nd4+ 32. Kf1 Bf3 33. cxb5 axb5 34. Be7 Be2+ 35. Ke1 Rfb8 36. Bg5 Nxc2+ 37. Rxc2 f3 38. Rac1 Rb6 39. Rc8+ Rxc8 40. Rxc8+ Kh7 41. Bf4 Ra6 42. Rc2 g5 43. Be5 Ra4 44. Rc7+ Kh6 45. Nf5+ Kg6 46. Ng3 Rxa2 47. Rg7+ Kh6 48. Nf5+ Kh5 49. Ne7 g4 50. Rh7+ Kg5 51. h4# 1-0

[Event "DSOL 2021"]
[Site "Germany"]
[Date "2021.03.23"]
[Round "7.4"]
[White "Morczynski, Joachim"]
[Black "Beyerlein, Andreas"]
[Result "1-0"]
[WhiteElo "1749"]
[BlackElo "2169"]
[Annotator "RC"]
[PlyCount "47"]
[EventDate "2021.01.18"]
[EventType "team-tourn"]
[EventCountry "GER"]
[SourceTitle "playchess.com"]
[Source "ChessBase"]
[SourceQuality "1"]

1. e4 c5 2. Nf3 d6 3. d4 cxd4 4. Qxd4 Nc6 5. Bb5 Bd7 6. Bxc6 Bxc6 7. Nc3 Nf6 8. Bg5 e6 9. O-O-O Be7 10. Qd3 O-O 11. Nd4 Qb6 12. f4 h6 13. h4 Rfd8 14. f5 e5 15. Nb3 hxg5 16. hxg5 Nh7 17. f6 Bxf6 18. gxf6 Nxf6 19. Rdf1 Ng4 20. Rh3 Qc7 21. Qg3 Bd7 22. Nd5 Qc4 23. Ne7+ Kf8 24. Ng6+ 1-0

[Event "DSOL 2021"]
[Site "Germany"]
[Date "2021.03.26"]
[Round "7.4"]
[White "Strobelt, Frank"]
[Black "Biehl, Tim"]
[Result "0-1"]
[WhiteElo "1748"]
[BlackElo "1982"]
[Annotator "ChessBase"]
[PlyCount "54"]
[EventDate "2021.01.18"]
[EventType "team-tourn"]
[EventCountry "GER"]
[SourceTitle "playchess.com"]
[Source "ChessBase"]
[SourceQuality "1"]
[WhiteTeam "SG Weißensee I"]
[BlackTeam "SF Birkenfeld I"]

1. e4 e6 2. d4 d5 3. Nc3 Bb4 4. e5 c5 5. a3 Bxc3+ 6. bxc3 Ne7 7. Qg4 cxd4 8. Qxg7 Rg8 9. Qxh7 Qc7 10. Ne2 dxc3 11. f4 Nbc6 12. Qd3 d4 13. g3 Bd7 14. Bh3 O-O-O 15. O-O Rh8 16. Bg2 Nf5 17. Be4 Nce7 18. a4 Bc6 19. Ba3 Bxe4 20. Qxe4 Qc6 21. Qd3 Ne3 22. Rf2 N7f5 23. Rb1 Ng4 24. Qf3 Nxf2 25. Qxf2 Qe4 26. Nc1 Nxg3 27. Qg2 Qe1+ 0-1

[Event "DSOL 2021"]
[Site "Germany"]
[Date "2021.03.26"]
[Round "7.4"]
[White "Faysal, Wasim"]
[Black "Spriestersbach, Kai"]
[Result "0-1"]
[WhiteElo "1736"]
[BlackElo "1819"]
[Annotator "NA"]
[PlyCount "62"]
[EventDate "2021.01.18"]
[EventType "team-tourn"]
[EventCountry "GER"]
[SourceTitle "playchess.com"]
[Source "ChessBase"]
[SourceQuality "1"]
[WhiteTeam "Biebertaler SF"]
[BlackTeam "SV Erkenschwick I"]

1. e4 c5 2. d4 cxd4 3. Nf3 e5 4. c3 Nc6 5. cxd4 exd4 6. Nxd4 Nf6 7. Nc3 Bb4 8. Qd3 O-O 9. Be2 Re8 10. Nxc6 bxc6 11. Bg5 h6 12. Bxf6 Qxf6 13. O-O a5 14. Rac1 d5 15. f3 d4 16. Na4 Ba6 17. Qc2 d3 18. Bxd3 Qd4+ 19. Kh1 Bxd3 20. Qd1 Rad8 21. Rg1 Bd6 22. Rc3 Qe5 23. g3 Bb5 24. Qb3 Qd4 25. Nb6 Qxb6 26. a4 Bc5 27. Rgc1 Be2 28. Qc2 Bb4 29. Rxc6 Qf2 30. Rg1 Bxf3+ 31. Rg2 Bxg2# 0-1

[Event "DSOL 2021"]
[Site "Germany"]
[Date "2021.03.25"]
[Round "7.4"]
[White "Hansen-Jacobi, Dirk"]
[Black "Wurmb, Peter"]
[Result "1-0"]
[WhiteElo "1720"]
[BlackElo "1990"]
[Annotator "TA"]
[PlyCount "23"]
[EventDate "2021.01.18"]
[EventType "team-tourn"]
[EventCountry "GER"]
[SourceTitle "playchess.com"]
[Source "ChessBase"]
[SourceQuality "1"]

1. e4 c5 2. Nf3 e6 3. d4 cxd4 4. Nxd4 Nc6 5. Be3 Nf6 6. Nc3 Bb4 7. Ndb5 Nxe4 8. Qg4 Nxc3 9. bxc3 Qf6 10. O-O-O Ba5 11. Nd6+ Kd8 12. Bg5 1-0

[Event "DSOL 2021"]
[Site "Germany"]
[Date "2021.03.23"]
[Round "7.4"]
[White "Abulhanov, Dinar"]
[Black "Ebermayer, Anton"]
[Result "1-0"]
[WhiteElo "1696"]
[BlackElo "1834"]
[Annotator "NA RC"]
[PlyCount "25"]
[EventDate "2021.01.18"]
[EventType "team-tourn"]
[EventCountry "GER"]
[SourceTitle "playchess.com"]
[Source "ChessBase"]
[SourceQuality "1"]

1. d4 d5 2. Nf3 Nf6 3. e3 e6 4. a3 Be7 5. c4 dxc4 6. Bxc4 c6 7. Qc2 Nbd7 8. Nbd2 b6 9. Ng5 h6 10. Nxe6 fxe6 11. Bxe6 Bb7 12. Qg6+ Kf8 13. Qf7# 1-0

[Event "DSOL 2021"]
[Site "Germany"]
[Date "2021.03.22"]
[Round "7.4"]
[White "Akingboye, Queen"]
[Black "Ibrahim, Amjad"]
[Result "1-0"]
[WhiteElo "1678"]
[BlackElo "1665"]
[Annotator "NA RC"]
[PlyCount "39"]
[EventDate "2021.01.18"]
[EventType "team-tourn"]
[EventCountry "GER"]
[SourceTitle "playchess.com"]
[Source "ChessBase"]
[SourceQuality "1"]

1. d4 d5 2. c4 c6 3. e3 Nf6 4. Nf3 e6 5. Nc3 Be7 6. Bd3 dxc4 7. Bxc4 O-O 8. O-O b5 9. Bd3 a6 10. e4 Bb7 11. e5 Nd5 12. Re1 c5 13. dxc5 Nxc3 14. bxc3 Bxc5 15. Qe2 Nd7 16. Bxh7+ Kxh7 17. Ng5+ Kg6 18. Qd3+ f5 19. exf6+ Kxf6 20. Rxe6# 1-0

[Event "DSOL 2021"]
[Site "Germany"]
[Date "2021.03.23"]
[Round "7.4"]
[White "Kessler, Thomas"]
[Black "Braeutigam, Martin"]
[Result "1-0"]
[WhiteElo "1653"]
[BlackElo "1691"]
[Annotator "NA RC"]
[PlyCount "125"]
[EventDate "2021.01.18"]
[EventType "team-tourn"]
[EventCountry "GER"]
[SourceTitle "playchess.com"]
[Source "ChessBase"]
[SourceQuality "1"]

1. e4 c6 2. d4 d5 3. exd5 cxd5 4. Bd3 Nf6 5. c3 Bg4 6. f3 Bh5 7. Bf4 Nc6 8. Ne2 e6 9. O-O Be7 10. Re1 O-O 11. Nd2 Rc8 12. Nf1 Bg6 13. Bxg6 hxg6 14. Nfg3 b5 15. Qd3 b4 16. Bg5 Qb6 17. Nf4 Na5 18. cxb4 Qxb4 19. Nge2 Qb6 20. b3 Rfd8 21. Kh1 Nc6 22. Rad1 Nb4 23. Qb1 Nc2 24. Rg1 Na3 25. Qd3 Rc2 26. Rge1 Rxa2 27. Nxg6 Bb4 28. Bxf6 gxf6 29. Rg1 Qb5 30. Ngf4 Qxd3 31. Nxd3 Bd6 32. Nc3 Rc2 33. Rc1 Rc8 34. Rxc2 Nxc2 35. Nb5 Bb8 36. Rc1 a6 37. Na3 Rc3 38. Nb4 Bf4 39. Rxc2 Rxb3 40. g3 Be3 41. Nxa6 Rxa3 42. Nb4 Bxd4 43. Nc6 e5 44. Kg2 Rb3 45. Ne7+ Kg7 46. Nxd5 Rb2 47. Rxb2 Bxb2 48. Ne3 Kg6 49. g4 Kg5 50. Kg3 Bc1 51. h4+ Kg6 52. Nd5 f5 53. Ne7+ Kf6 54. Nxf5 Bf4+ 55. Kf2 Kg6 56. Ng3 f6 57. Ne2 Bd2 58. Ng3 Bc1 59. Ne4 Bf4 60. Ke2 Bc1 61. Kd3 f5 62. Ng3 e4+ 63. Nxe4 1-0

[Event "DSOL 2021"]
[Site "Germany"]
[Date "2021.03.26"]
[Round "7.4"]
[White "Keymling, Detlev Juergen"]
[Black "Sewald, Richard"]
[Result "0-1"]
[WhiteElo "1652"]
[BlackElo "1742"]
[Annotator "NA"]
[PlyCount "96"]
[EventDate "2021.01.18"]
[EventType "team-tourn"]
[EventCountry "GER"]
[SourceTitle "playchess.com"]
[Source "ChessBase"]
[SourceQuality "1"]
[WhiteTeam "SK Rochade Augsburg"]
[BlackTeam "SG Porz II"]

1. c4 Nf6 2. g3 g6 3. Bg2 Bg7 4. Nc3 d6 5. d3 c6 6. Nf3 e5 7. O-O O-O 8. Bg5 Qc7 9. Qd2 Re8 10. e4 Nbd7 11. b4 Nf8 12. b5 Ne6 13. Bh4 Nd7 14. Rab1 h6 15. g4 g5 16. Bg3 Ndf8 17. h4 Qd8 18. h5 Nd4 19. Nh2 Nfe6 20. bxc6 bxc6 21. Ne2 Nxe2+ 22. Qxe2 Nd4 23. Qd2 Bd7 24. f3 Qc7 25. Bf2 Ne6 26. Rb3 Reb8 27. Rfb1 Rxb3 28. Rxb3 Rb8 29. Qb2 Rxb3 30. axb3 c5 31. Qa3 Bf6 32. b4 Bd8 33. Be1 Qb6 34. b5 Nd4 35. Bd2 Nc2 36. Qa4 Nb4 37. Nf1 a6 38. Bxb4 cxb4+ 39. Kh2 a5 40. Nd2 Qf2 41. Nb3 Qh4+ 42. Bh3 Qf2+ 43. Bg2 Bb6 44. Nxa5 Qh4+ 45. Bh3 Bf2 46. Kg2 Qg3+ 47. Kf1 Qg1+ 48. Ke2 Qe1# 0-1

[Event "DSOL 2021"]
[Site "Germany"]
[Date "2021.03.22"]
[Round "7.4"]
[White "Wiedemann, Jan"]
[Black "Thalheim, Jona"]
[Result "1-0"]
[WhiteElo "1652"]
[BlackElo "1496"]
[Annotator "NA RC"]
[PlyCount "51"]
[EventDate "2021.01.18"]
[EventType "team-tourn"]
[EventCountry "GER"]
[SourceTitle "playchess.com"]
[Source "ChessBase"]
[SourceQuality "1"]

1. e4 e6 2. d4 d5 3. e5 c5 4. c3 Nc6 5. Nf3 Bd7 6. Be3 Nge7 7. Bd3 Qb6 8. Qb3 c4 9. Qxb6 axb6 10. Bc2 b5 11. a3 b4 12. b3 cxb3 13. Bxb3 Nf5 14. cxb4 Bxb4+ 15. Nbd2 Nxe3 16. fxe3 O-O 17. a4 b5 18. O-O Bc3 19. Rac1 bxa4 20. Rxc3 axb3 21. Nxb3 Ra3 22. Rfc1 Rb8 23. Nc5 Be8 24. Rxa3 Rb2 25. Ra8 Kf8 26. Na4 1-0

[Event "DSOL 2021"]
[Site "Germany"]
[Date "2021.03.25"]
[Round "7.4"]
[White "Paetsch, Hanno"]
[Black "Wirtjes, Edzard"]
[Result "1-0"]
[WhiteElo "1638"]
[BlackElo "1552"]
[Annotator "NA RC"]
[PlyCount "119"]
[EventDate "2021.01.18"]
[EventType "team-tourn"]
[EventCountry "GER"]
[SourceTitle "playchess.com"]
[Source "ChessBase"]
[SourceQuality "1"]

1. d4 c5 2. d5 d6 3. c4 g6 4. Nc3 Bg7 5. Nf3 Nf6 6. e4 O-O 7. Bd3 h6 8. O-O Na6 9. a3 Nc7 10. h3 Bd7 11. Be3 Rb8 12. Qd2 Kh7 13. e5 Ng8 14. Rfe1 b6 15. exd6 exd6 16. Bf4 Bc8 17. Ne4 Ne8 18. Re2 Bf5 19. Rae1 Rb7 20. g4 Bxe4 21. Bxe4 Re7 22. Bb1 Rxe2 23. Rxe2 Kh8 24. g5 h5 25. Nh4 Ne7 26. Qe3 Nf5 27. Bxf5 gxf5 28. Nxf5 Qd7 29. Ne7 Bd4 30. Qf3 Ng7 31. Nc6 Qf5 32. Nxd4 cxd4 33. Re4 Kg8 34. Kg2 f6 35. Bxd6 Qxg5+ 36. Qg3 Qxg3+ 37. fxg3 Rd8 38. Bc7 Rd7 39. d6 Nf5 40. Rf4 Nxd6 41. Rxd4 Rxc7 42. Rxd6 Rxc4 43. Rxf6 Rc2+ 44. Rf2 Rc5 45. Rd2 Rb5 46. Kf3 a5 47. Kf4 Kf7 48. Re2 Kf6 49. g4 hxg4 50. hxg4 Rc5 51. Re4 Rb5 52. b4 a4 53. Rc4 Re5 54. Rc6+ Re6 55. g5+ Kf7 56. Rxe6 Kxe6 57. Ke4 b5 58. Kd4 Kd6 59. g6 Ke6 60. Kc5 1-0

[Event "DSOL 2021"]
[Site "Germany"]
[Date "2021.03.24"]
[Round "7.4"]
[White "Seifert, Heinz"]
[Black "Manke, Alfred"]
[Result "0-1"]
[WhiteElo "1638"]
[BlackElo "1717"]
[Annotator "NA RC"]
[PlyCount "84"]
[EventDate "2021.01.18"]
[EventType "team-tourn"]
[EventCountry "GER"]
[SourceTitle "playchess.com"]
[Source "ChessBase"]
[SourceQuality "1"]

1. e4 c5 2. Nc3 Nc6 3. g3 d6 4. Bg2 g6 5. f4 Bg7 6. d3 Nf6 7. Nf3 a6 8. O-O O-O 9. h3 Bd7 10. Be3 Rb8 11. Qe1 Ne8 12. f5 Nd4 13. Qf2 Nxf3+ 14. Qxf3 e6 15. g4 exf5 16. gxf5 Bc6 17. Qg3 Be5 18. Bf4 Qe7 19. Rae1 Kg7 20. Kh1 f6 21. fxg6 hxg6 22. Re2 Rd8 23. Ref2 Nc7 24. h4 Ne6 25. Bxe5 dxe5 26. Ne2 Rf7 27. Bh3 Rh8 28. Bf5 Rh6 29. Rh2 Nf8 30. Rg1 Kh8 31. Bh3 Bd7 32. Qe3 Rxh4 33. Rg3 Rfh7 34. Nc3 g5 35. Nd5 Qd8 36. Kg2 Ng6 37. Rf3 Nf4+ 38. Nxf4 exf4 39. Qxc5 g4 40. Bxg4 Rxh2+ 41. Kg1 Rh1+ 42. Kf2 R7h2# 0-1

[Event "DSOL 2021"]
[Site "Germany"]
[Date "2021.03.23"]
[Round "7.4"]
[White "Iki"]
[Black "Langfeldt, Lars"]
[Result "1-0"]
[WhiteElo "1620"]
[BlackElo "1757"]
[Annotator "NA RC"]
[PlyCount "93"]
[EventDate "2021.01.18"]
[EventType "team-tourn"]
[EventCountry "GER"]
[SourceTitle "playchess.com"]
[Source "ChessBase"]
[SourceQuality "1"]

1. e4 c5 2. Nf3 d6 3. Bb5+ Bd7 4. Bxd7+ Nxd7 5. d3 Ngf6 6. O-O e6 7. Nbd2 Be7 8. b3 O-O 9. Bb2 b5 10. Qe2 a6 11. h3 Nb8 12. e5 Nd5 13. c4 Nb4 14. a3 N4c6 15. exd6 Qxd6 16. Rad1 Nd4 17. Bxd4 cxd4 18. b4 Nc6 19. Rfe1 Rfd8 20. Qe4 Rdc8 21. Rc1 Bf6 22. Rc2 Rc7 23. Rec1 Rac8 24. Qe2 Qd7 25. Ne4 Be7 26. Ned2 Bf6 27. Nb3 bxc4 28. Rxc4 Ne7 29. Nc5 Qd6 30. g3 Nd5 31. Ne4 Qb6 32. Nxf6+ gxf6 33. Nxd4 Rxc4 34. Qg4+ Kf8 35. dxc4 Ne7 36. Qh4 Kg7 37. c5 Qc7 38. Qg4+ Kf8 39. Re1 Qd7 40. Rd1 Qa4 41. Rd3 Nd5 42. Nxe6+ fxe6 43. Qxe6 Ne7 44. Qxf6+ Ke8 45. Qh8+ Kf7 46. Rf3+ Ke6 47. Qd4 1-0

[Event "DSOL 2021"]
[Site "Germany"]
[Date "2021.03.22"]
[Round "7.4"]
[White "Kassandra238"]
[Black "Hellrung, Bernhard"]
[Result "1/2-1/2"]
[WhiteElo "1620"]
[BlackElo "1927"]
[Annotator "NA"]
[PlyCount "50"]
[EventDate "2021.01.18"]
[EventType "team-tourn"]
[EventCountry "GER"]
[SourceTitle "playchess.com"]
[Source "ChessBase"]
[SourceQuality "1"]

1. d4 d6 2. Nf3 Nf6 3. Bf4 Nbd7 4. Nbd2 c6 5. c3 e6 6. e3 Be7 7. Be2 O-O 8. h3 Re8 9. O-O Bf8 10. Nc4 Nb6 11. Qc2 Nxc4 12. Bxc4 b6 13. Rad1 a5 14. Rfe1 Ba6 15. Bxa6 Rxa6 16. e4 b5 17. e5 Nd5 18. Bg3 h6 19. a3 a4 20. Nd2 Nb6 21. Ne4 d5 22. Nd2 Be7 23. Qd3 Rf8 24. f4 Bh4 25. Rf1 Nc4 1/2-1/2